Hỏi đáp pháp luật về đất đai, nhà ở và thuế nhà đất /
Sách đề cập đến các vấn đề nóng bỏng trong thực tiễn hiện nay về quyền và nghĩa vụ của người sử dụng đất, đền bù thiệt hại về đất, trình tự thủ tục...
Wedi'i Gadw mewn:
| Prif Awdur: | |
|---|---|
| Awduron Eraill: | |
| Fformat: | Llyfr |
| Iaith: | Vietnamese |
| Cyhoeddwyd: |
Hà Nội :
Thống kê,
2000.
|
| Pynciau: | |
| Tagiau: |
Ychwanegu Tag
Dim Tagiau, Byddwch y cyntaf i dagio'r cofnod hwn!
|
| Thư viện lưu trữ: | Mạng thư viện Đại học Đà Nẵng |
|---|
| LEADER | 01226cam a2200385 i 4500 | ||
|---|---|---|---|
| 001 | 000043564 | ||
| 003 | 1542 | ||
| 005 | 20030915082247.0 | ||
| 008 | 010217b2000 vm 000 vie | ||
| 022 | |a T | ||
| 040 | |a IRC |c IRC |d IRC | ||
| 041 | 0 | |a vie | |
| 082 | 1 | 4 | |a 344.06 |b LÊ-K |
| 100 | 1 | |a Lê Thành Kính, |c LS. | |
| 245 | 0 | 0 | |a Hỏi đáp pháp luật về đất đai, nhà ở và thuế nhà đất / |c Lê Thành Kính, Nguyễn Thu Thảo. |
| 260 | |a Hà Nội : |b Thống kê, |c 2000. | ||
| 300 | |a 634tr. ; |c 20.5cm. | ||
| 520 | 3 | |a Sách đề cập đến các vấn đề nóng bỏng trong thực tiễn hiện nay về quyền và nghĩa vụ của người sử dụng đất, đền bù thiệt hại về đất, trình tự thủ tục... | |
| 630 | 0 | 4 | |a Luật pháp. |
| 630 | 0 | 4 | |a Nhà ở. |
| 630 | 0 | 4 | |a Thuế nhà đất. |
| 630 | 0 | 4 | |a Đất đai. |
| 650 | 0 | 4 | |a Luật đất đai. |
| 650 | 0 | 4 | |a Nhà ở |x Luật. |
| 700 | 1 | |a Nguyễn Thu Thảo. | |
| OWN | |a DUT | ||
| 999 | |a From the UDN01 | ||
| TYP | |a Monograph | ||
| TYP | |a Printed language | ||
| 980 | |a Mạng thư viện Đại học Đà Nẵng | ||